Statistics for European cups winners

Click here to take the quiz!

General Stats

  • This quiz has been taken 20 times
  • The average score is 27 of 47

Answer Stats

AnswerUCLUELECLtotal% Correct
Real Madrid142016
100%
Barcelona5308
94%
Liverpool6309
94%
Manchester United3104
94%
Bayern Munich6107
89%
Juventus2305
89%
Porto2204
89%
Ajax4105
83%
Aston Villa1001
83%
Inter3306
83%
Milan7007
83%
PSV1102
83%
Chelsea2204
78%
Hamburg1001
78%
Marseille1001
78%
Nottingham Forest2002
78%
Sevilla0606
78%
Atletico Madrid0303
72%
Benfica2002
72%
Borussia Dortmund1001
72%
Feyenoord1203
72%
Arsenal0101
67%
Roma0112
67%
Celtic1001
61%
Eintracht Frankfurt0202
56%
Napoli0101
56%
Tottenham Hotspur0202
50%
Bayer Leverkusen0101
44%
Borussia Monchengladbach0202
44%
Leeds United0202
44%
RCS Anderlecht0101
44%
Valencia0303
44%
Galatasaray0101
39%
Parma0202
39%
Shakhtar Donetsk0101
39%
Zenit0101
39%
Ipswich Town0101
33%
Schalke 040101
33%
IFK Goteborg0202
28%
Villareal0101
28%
Dinamo Zagreb0101
22%
Ferencvaros0101
17%
Crvena zvezda1001
11%
Real Zaragoza0101
6%
Steaua Bucuresti1001
6%
CSKA Mosvka0101
0%
Newcaslte United0101
0%

Score Distribution

Percentile by Number Answered

Percent of People with Each Score

Your Score History

You have not taken this quiz